LEADER 01177nam0 22003131i 450 001 UON00479995 005 20231205105244.450 010 $a978-22-00-21894-2 100 $a20170802f1986 |0itac50 ba 101 $afre 102 $aFR 105 $a|||| 1|||| 200 1 $aˆL' ‰implicite$fCatherine Kerbrat-Orecchioni 205 $a2e éd 210 $aParis$cArmand Colin$d1986 215 $a404 p.$d21 cm 410 1$1001UON00164146$12001 $aCollection U. Linguistique$fdirigée par Jean-Claude Chevalier et Simone Delesalle 606 $aLinguaggio$xAnalisi strutturale$3UONC061667$2FI 606 $aLinguistica$3UONC002524$2FI 620 $aFR$dParis$3UONL002984 676 $a401.41$cLinguaggio. Semiotica$v21 700 1$aKERBRAT-ORECCHIONI$bCatherine$3UONV120713$0132789 712 $aColin$3UONV249042$4650 801 $aIT$bSOL$c20250704$gRICA 899 $aSIBA - SISTEMA BIBLIOTECARIO DI ATENEO$2UONSI 912 $aUON00479995 950 $aSIBA - SISTEMA BIBLIOTECARIO DI ATENEO$dSI FS 05965 $eSI FP 9059 5 996 $aImplicite$9182309 997 $aUNIOR LEADER 01287nam0 22003011i 450 001 UON00069859 005 20231205102346.526 010 $a28-504-9224-8 100 $a20020107d1981 |0itac50 ba 101 $afre 102 $aFR 105 $a|||| ||||| 200 1 $aComprendre "L'oeuvre de Mongo Beti"$fBernard Mouralis 210 $aIssy les Moulineaux$cEditions Saint Paul$dc1981 215 $a127 p.$d21 cm 410 1$1001UON00065940$12001 $aˆLes ‰classiques africains$v854 606 $aLetteratura africana francofona$xCamerun$3UONC022171$2FI 620 $dIssy les Moulineaux$3UONL001928 686 $aCAM840.9$cLETTERATURA AFRICANA FRANCOFONA - Camerun$2A 700 1$aMOURALIS$bBernard$3UONV043897$0443637 712 $aEditions Saint Paul (Francia)$3UONV257015$4650 801 $aIT$bSOL$c20251205$gRICA 899 $aSIBA - SISTEMA BIBLIOTECARIO DI ATENEO E ARCHIVIO STORICO$2UONSI 912 $aUON00069859 950 $aSIBA - SISTEMA BIBLIOTECARIO DI ATENEO E ARCHIVIO STORICO$dSI LETT F b 024 $eSI AA 10899 5 024 966 $aLETTERATURA CAMERUNESE$yLetteratura africana francofona - Camerun$3UONC022172 996 $aComprendre "L'oeuvre de Mongo Beti"$91160911 997 $aUNIOR